Les types de dresseurs Pokémon 1G - Statistiques

Statistiques générales
  • Ce quiz a été pris 77 fois
  • Le résultat moyen est 15 sur 32
Statistiques - réponses
Dresseur Pokémons utilisé % Correct
Gamin Bas niveau, non évolués
84%
Topdresseur Forts et évolués
82%
Nageur Eau
78%
Montagnard Roche, Sol, Combat
73%
Scout Insecte
69%
Fillette Bas niveau, non évolués
65%
Karatéka Combat
65%
Ornithologue Vol
65%
Canon Charmant/Mignon
62%
Champion Type commun (généralement)
56%
Rival Variés + Starter (généralement)
55%
Scientifique Inorganique, Artificel
53%
Pêcheur Eau
51%
Conseil 4 Type commun (généralement)
47%
Rocket Poison (généralement)
47%
Motard Poison, Combat, Feu
44%
Kinésiste Psy, Spectre
42%
Maître Variés et Puissants
42%
Marin Eau, Combat
40%
Loubard Poison, Ténèbres, Combat
38%
Exorciste Spectre
33%
Jongleur Humanoïdes ou ronds
33%
Rocker Electrik
29%
Croupier Variés mais du même type
27%
Pokémaniac Groupe d'oeuf Monstrueux
27%
Mécano Electrik
25%
Dresseur Jr♂ Forestiers
24%
Gentleman Pokémon de compagnie
24%
Dresseur Jr♀ Types variés
22%
Intello Poison, Electrik
20%
Dompteur Bêtes sauvages
18%
Pillard Smogo(go), Feu
18%
Aucun quiz correspondant
Distribution des résultats
% des personnes avec chaque résultat
Percentile par nombre de réponses
Votre historique - résultats
Vous n’avez pas pris ce quiz